|
|
|
|
| LEADER |
02788nam a2200625 4500 |
| 001 |
ocn841175075 |
| 003 |
OCoLC |
| 005 |
20170124071446.7 |
| 006 |
m o d |
| 007 |
cr cnu|||unuuu |
| 008 |
130429s2012 enk ob 001 0 eng d |
| 040 |
|
|
|a DG1
|b eng
|e pn
|c DG1
|d CDX
|d OCLCO
|d IDEBK
|d YDXCP
|d OCLCQ
|d OCLCO
|d OCLCQ
|d LOA
|d OCLCO
|d DG1
|d OCLCQ
|d GrThAP
|
| 019 |
|
|
|a 830512383
|a 842854739
|a 960201378
|a 961599549
|a 962583165
|
| 020 |
|
|
|a 9781118561966
|q (electronic bk.)
|
| 020 |
|
|
|a 1118561961
|q (electronic bk.)
|
| 020 |
|
|
|a 1848213476
|
| 020 |
|
|
|a 9781848213470
|
| 020 |
|
|
|a 9781299315082
|q (MyiLibrary)
|
| 020 |
|
|
|a 1299315089
|q (MyiLibrary)
|
| 020 |
|
|
|a 9781118614341
|q (e-book)
|
| 020 |
|
|
|a 1118614348
|q (e-book)
|
| 020 |
|
|
|z 9781848213470
|
| 029 |
1 |
|
|a AU@
|b 000051628936
|
| 029 |
1 |
|
|a CHBIS
|b 010026788
|
| 029 |
1 |
|
|a CHVBK
|b 306233185
|
| 029 |
1 |
|
|a DEBBG
|b BV041911185
|
| 029 |
1 |
|
|a NZ1
|b 15915573
|
| 035 |
|
|
|a (OCoLC)841175075
|z (OCoLC)830512383
|z (OCoLC)842854739
|z (OCoLC)960201378
|z (OCoLC)961599549
|z (OCoLC)962583165
|
| 037 |
|
|
|a 462758
|b MIL
|
| 050 |
|
4 |
|a QC496
|b .D54 2012
|
| 082 |
0 |
4 |
|a 535.601/51
|2 23
|
| 049 |
|
|
|a MAIN
|
| 245 |
0 |
0 |
|a Digital color imaging /
|c edited by Christine Fernandez-Maloigne, Frédérique Robert-Inacio, Ludovic Macaire.
|
| 246 |
1 |
|
|i CIP title:
|a Numerical color imaging
|
| 264 |
|
1 |
|a London :
|b ISTE ;
|c 2012.
|
| 264 |
|
1 |
|a Hoboken :
|b John Wiley & Sons,
|c 2012.
|
| 300 |
|
|
|a 1 online resource.
|
| 336 |
|
|
|a text
|b txt
|2 rdacontent
|
| 337 |
|
|
|a computer
|b c
|2 rdamedia
|
| 338 |
|
|
|a online resource
|b cr
|2 rdacarrier
|
| 490 |
1 |
|
|a Digital signal and image processing series
|
| 504 |
|
|
|a Includes bibliographical references and index.
|
| 505 |
0 |
|
|a Color representation and processing in polar color spaces -- Adaptive median color filtering -- Anisotropic diffusion PDEs for regularization of multichannel images -- Linear prediction in spaces with separate achromatic and chromatic information -- Region segmentation -- Color texture attributes -- Photometric color invariants for object recognition -- Color key point detectors and local color descriptors -- Motion estimation in color image sequences -- Appendix to Chapter 7 -- List of Authors -- Index.
|
| 588 |
0 |
|
|a Print version record.
|
| 650 |
|
0 |
|a Color
|x Mathematics
|x Research.
|
| 650 |
|
0 |
|a Image processing
|x Mathematics
|x Research.
|
| 650 |
|
0 |
|a Color vision
|x Research.
|
| 655 |
|
4 |
|a Electronic books.
|
| 700 |
1 |
|
|a Fernández-Maloigne, Christine.
|
| 700 |
1 |
|
|a Robert-Inacio, Frédérique.
|
| 700 |
1 |
|
|a Macaire, Ludovic.
|
| 776 |
0 |
8 |
|i Print version:
|z 9781299315082
|w (DLC) 2012008577
|
| 830 |
|
0 |
|a Digital signal and image processing series.
|
| 856 |
4 |
0 |
|u https://doi.org/10.1002/9781118561966
|z Full Text via HEAL-Link
|
| 994 |
|
|
|a 92
|b DG1
|